000 00260nam a22001217a 4500
008 181025b xxu||||| |||| 00| 0 eng d
041 _aeng
080 _a321
100 _a22
101 _aPOL
245 _aInternational Politics
_cJmaes.p
942 _2udc
_cBK
999 _c50931
_d50931